| 000 | 00486nam a22001697a 4500 | ||
|---|---|---|---|
| 005 | 20251108173010.0 | ||
| 008 | 250721s1985 xx 000 0 ara d | ||
| 082 | 1 | 4 | _a320/مهن |
| 100 | 1 | _aمهنا، محمد نصر | |
| 245 | 1 | 0 | _aعلم السياسة / |
| 264 | 1 |
_aالقاهرة : _bدار غريب للنشر، _c1985. |
|
| 300 | _a615ص | ||
| 650 | 1 | 7 | _aالعلوم السياسية |
| 700 | 1 | _aالصالحي، عبد الرحمن | |
| 942 |
_2ddc _cBK |
||
| 999 |
_c93683 _d93683 |
||